| 000 | 00716nam a2200217 a 4500 | ||
|---|---|---|---|
| 001 | 000020610 | ||
| 005 | 20200930011132.0 | ||
| 008 | 100811s2017 pr r 000 0 spa d | ||
| 020 | _a9789945608014 | ||
| 040 |
_aDO-SdBNP _bspa _cBNPHU |
||
| 082 |
_axxxx _bC352a |
||
| 100 | 1 |
_aCastillo Cruz, Jit Manuel de la, _d1974- _943337 |
|
| 245 | 1 | 0 |
_aApócrifo de Judas Izcariote : _bnovela / _cJit Manuel Castillo de la Cruz. |
| 250 | _a2a ed. | ||
| 260 |
_aSanto Domingo : _bIsla negra, _c2017. |
||
| 300 |
_a190 p. ; _c23 cm. |
||
| 490 | 1 | _aEl cañon secuestrado | |
| 500 | _aIncluye datos biográficos del autor en la solapa de la cubierta | ||
| 590 | _aInventariado, 2020/BT | ||
| 830 | 0 |
_aEl cañon secuestrado _96917 |
|
| 999 |
_c20114 _d20114 |
||